[Event "Livingston op 1st"]
[Site "Livingston"]
[Date "2016.01.31"]
[Round "4.4"]
[White "Orr, Mark JL"]
[Black "Robertson, Ian C"]
[Result "1-0"]
[WhiteElo "2222"]
[BlackElo "2151"]
[PlyCount "61"]
[EventDate "2016.01.29"]
[EventType "swiss"]
[EventRounds "5"]
[EventCountry "ENG"]
[SourceTitle "EXT 2023"]
[Source "ChessBase"]
[SourceDate "2022.10.05"]
[SourceVersion "1"]
[SourceVersionDate "2022.10.05"]
[SourceQuality "1"]

1. c4 Nf6 2. Nc3 g6 3. e4 e5 4. g3 d6 5. Bg2 Bh6 6. Nge2 Nc6 7. d4 Bxc1 8. Rxc1 0-0 9. 0-0 Bg4 10. f3 Bd7 11. f4 Nh5 12. Qd2 a6 13. dxe5 dxe5 14. f5 Nf6 15. Nd5 Be8 16. Rf2 Kg7 17. Rcf1 Ng4 18. f6+ Kh8 19. Rf3 Nd4 20. Nxd4 exd4 21. Bh3 Bd7 22. Bxg4 Bxg4 23. Qh6 Rg8 24. Rf4 Qd7 25. h3 Bh5 26. g4 g5 27. Rf5 Bg6 28. Rxg5 Bxe4 29. Qg7+ Rxg7 30. fxg7+ Kg8 31. Nf6# 1-0

[Event "Livingston op 1st"]
[Site "Livingston"]
[Date "2016.01.30"]
[Round "3.2"]
[White "Robertson, Ian C"]
[Black "Sanchez Botella, Luis Javier"]
[Result "0-1"]
[WhiteElo "2151"]
[BlackElo "2265"]
[PlyCount "82"]
[EventDate "2016.01.29"]
[EventType "swiss"]
[EventRounds "5"]
[EventCountry "ENG"]
[SourceTitle "EXT 2023"]
[Source "ChessBase"]
[SourceDate "2022.10.05"]
[SourceVersion "1"]
[SourceVersionDate "2022.10.05"]
[SourceQuality "1"]

1. c4 Nf6 2. Nc3 e6 3. e4 c5 4. e5 Ng8 5. d4 cxd4 6. Qxd4 Nc6 7. Qe4 d6 8. Nf3 a6 9. Bg5 Qb6 10. 0-0-0 dxe5 11. Nxe5 Be7 12. Be3 Qc7 13. Nxc6 Nf6 14. Nd5 Qxc6 15. Nxf6+ Bxf6 16. Qxc6+ bxc6 17. Be2 Bb7 18. Bf3 Rd8 19. Kc2 Be5 20. Bc5 Bc7 21. b4 Ba8 22. Kb3 Rb8 23. Rd3 Bb6 24. Bd6 Rd8 25. c5 Bc7 26. Rhd1 Bxd6 27. Rxd6 Ke7 28. Ka4 f5 29. Ka5 Rb8 30. Re1 Rb5+ 31. Ka4 Rhb8 32. Rexe6+ Kf7 33. a3 a5 34. Be2 R5b7 35. Bc4 Kf8 36. bxa5 Rb2 37. Re5 Rxf2 38. Rd7 Rf4 39. Rf7+ Kg8 40. Rb7+ Rxc4+ 41. Kb3 Bxb7 0-1

[Event "Oban op"]
[Site "Oban"]
[Date "2015.11.20"]
[Round "1"]
[White "Robertson, Ian C"]
[Black "Gillies, Alex"]
[Result "0-1"]
[WhiteElo "2085"]
[BlackElo "1908"]
[PlyCount "46"]
[EventDate "2015.10.20"]
[EventType "swiss"]
[EventRounds "5"]
[EventCountry "SCO"]
[SourceTitle "EXT 2023"]
[Source "ChessBase"]
[SourceDate "2022.10.05"]
[SourceVersion "1"]
[SourceVersionDate "2022.10.05"]
[SourceQuality "1"]

1. e4 d5 2. exd5 Nf6 3. Be2 Nxd5 4. d4 Bf5 5. Nf3 e6 6. c4 Nb4 7. Na3 N8c6 8. Be3 Be7 9. 0-0 Bf6 10. Qd2 Qe7 11. Rfd1 Rd8 12. Qc3 0-0 13. Rd2 Rd7 14. Qb3 Rfd8 15. Rad1 Be4 16. Nb5 a6 17. Nc3 Bxf3 18. Bxf3 Na5 19. Qa4 Nxc4 20. Bxb7 Nxd2 21. Rxd2 c5 22. a3 Rxb7 23. axb4 Rxb4 0-1

[Event "EU-chT Seniors"]
[Site "Sibenik"]
[Date "2014.04.08"]
[Round "8.6"]
[White "Thoma, Robert"]
[Black "Robertson, Ian C"]
[Result "1/2-1/2"]
[WhiteElo "2342"]
[BlackElo "2161"]
[PlyCount "36"]
[EventDate "2014.04.01"]
[EventType "team-swiss"]
[EventRounds "9"]
[EventCountry "CRO"]
[SourceTitle "CBM 159 Extra"]
[Source "ChessBase"]
[SourceDate "2014.04.24"]
[SourceVersion "1"]
[SourceVersionDate "2014.04.24"]
[SourceQuality "1"]
[WhiteTeam "Austria Seniors"]
[BlackTeam "Scotland Seniors"]
[WhiteTeamCountry "AUT"]
[BlackTeamCountry "SCO"]

1. e4 e6 2. d4 d5 3. Nd2 h6 4. Ngf3 dxe4 5. Nxe4 Nd7 6. Bd3 Ngf6 7. 0-0 Nxe4 8. Bxe4 c5 9. c4 Nf6 10. Bc2 cxd4 11. Qxd4 Qxd4 12. Nxd4 a6 13. h3 Bd7 14. Be3 Rc8 15. b3 Bc5 16. Rfd1 0-0 17. Bd3 Rfd8 18. Be2 e5 1/2-1/2

[Event "EU-chT Seniors"]
[Site "Sibenik"]
[Date "2014.04.06"]
[Round "6.8"]
[White "Robertson, Ian C"]
[Black "Rantanen, Veikko J"]
[Result "1/2-1/2"]
[WhiteElo "2161"]
[BlackElo "1927"]
[PlyCount "40"]
[EventDate "2014.04.01"]
[EventType "team-swiss"]
[EventRounds "9"]
[EventCountry "CRO"]
[SourceTitle "CBM 159 Extra"]
[Source "ChessBase"]
[SourceDate "2014.04.24"]
[SourceVersion "1"]
[SourceVersionDate "2014.04.24"]
[SourceQuality "1"]
[WhiteTeam "Scotland Seniors"]
[BlackTeam "Finland Turku Seniors"]
[WhiteTeamCountry "SCO"]
[BlackTeamCountry "FIN"]

1. e4 e6 2. d4 d5 3. exd5 exd5 4. Nf3 Nf6 5. Bd3 Be7 6. h3 h6 7. 0-0 0-0 8. Bf4 Bd6 9. Ne5 Nc6 10. c3 Ne7 11. Qf3 Bf5 12. Bxh6 Bxd3 13. Nxd3 Ne4 14. Bf4 Ng6 15. Bxd6 Qxd6 16. Rd1 Rae8 17. Nd2 Re6 18. Nf1 Rf6 19. Qe2 Re6 20. Qc2 Nh4 1/2-1/2

[Event "EU-chT Seniors"]
[Site "Sibenik"]
[Date "2014.04.04"]
[Round "4.10"]
[White "Robertson, Ian C"]
[Black "Kratschmer, Heinz"]
[Result "1/2-1/2"]
[WhiteElo "2161"]
[BlackElo "2114"]
[PlyCount "31"]
[EventDate "2014.04.01"]
[EventType "team-swiss"]
[EventRounds "9"]
[EventCountry "CRO"]
[SourceTitle "CBM 159 Extra"]
[Source "ChessBase"]
[SourceDate "2014.04.24"]
[SourceVersion "1"]
[SourceVersionDate "2014.04.24"]
[SourceQuality "1"]
[WhiteTeam "Scotland Seniors"]
[BlackTeam "Austria Steiermark Seniors"]
[WhiteTeamCountry "SCO"]
[BlackTeamCountry "AUT"]

1. e4 c5 2. b3 e5 3. Bb2 d6 4. Nc3 Nf6 5. Bc4 Be7 6. Nge2 Nc6 7. d3 a6 8. a4 0-0 9. 0-0 Nd4 10. Nd5 Rb8 11. a5 Nxd5 12. Bxd5 Kh8 13. Nxd4 exd4 14. c3 dxc3 15. Bxc3 Bf6 16. Qd2 1/2-1/2

[Event "EU-chT Seniors"]
[Site "Sibenik"]
[Date "2014.04.01"]
[Round "1.15"]
[White "Baumgarten, Werner"]
[Black "Robertson, Ian C"]
[Result "1/2-1/2"]
[WhiteElo "1932"]
[BlackElo "2161"]
[PlyCount "29"]
[EventDate "2014.04.01"]
[EventType "team-swiss"]
[EventRounds "9"]
[EventCountry "CRO"]
[SourceTitle "CBM 159 Extra"]
[Source "ChessBase"]
[SourceDate "2014.04.24"]
[SourceVersion "1"]
[SourceVersionDate "2014.04.24"]
[SourceQuality "1"]
[WhiteTeam "Germany Stiftung BSW/DBAG Seniors II"]
[BlackTeam "Scotland Seniors"]
[WhiteTeamCountry "GER"]
[BlackTeamCountry "SCO"]

1. d4 d5 2. Nf3 Nf6 3. Bf4 e6 4. e3 Bd6 5. Bg5 Nbd7 6. c4 c6 7. Nbd2 0-0 8. a3 Re8 9. Be2 e5 10. dxe5 Nxe5 11. 0-0 Ng6 12. cxd5 cxd5 13. Qa4 Be6 14. Bb5 Rf8 15. Bd3 1/2-1/2

[Event "Oban op"]
[Site "Oban"]
[Date "2013.11.17"]
[Round "4"]
[White "Robertson, Ian C"]
[Black "Murdochy, Shivan"]
[Result "1-0"]
[WhiteElo "2149"]
[BlackElo "1986"]
[PlyCount "87"]
[EventDate "2013.11.15"]
[EventType "swiss"]
[EventRounds "5"]
[EventCountry "SCO"]
[SourceTitle "EXT 2023"]
[Source "ChessBase"]
[SourceDate "2022.10.05"]
[SourceVersion "1"]
[SourceVersionDate "2022.10.05"]
[SourceQuality "1"]

1. d4 Nf6 2. Nf3 e6 3. Nbd2 c5 4. e3 b6 5. c3 Bb7 6. Bd3 d5 7. Ne5 Bd6 8. f4 Nbd7 9. 0-0 Qe7 10. Rf3 0-0 11. Rh3 Rfd8 12. Nxd7 Qxd7 13. Bxh7+ Kf8 14. Bd3 Ke7 15. Nf3 Rh8 16. Rxh8 Rxh8 17. Bd2 Ne4 18. Qc2 Qc7 19. Rc1 f6 20. Be1 g5 21. g3 gxf4 22. exf4 Kd8 23. c4 Qg7 24. cxd5 exd5 25. Rd1 c4 26. Bxe4 dxe4 27. Nd2 Bxf4 28. Nxc4 e3 29. Qf5 Qh6 30. h4 Bc7 31. d5 e2 32. Rd3 b5 33. d6 bxc4 34. dxc7+ Kxc7 35. Rd7+ Kb8 36. Qe6 Qf8 37. Qxc4 Qc8 38. Qxc8+ Rxc8 39. Kf2 Re8 40. Rd2 Bc8 41. Rxe2 Rxe2+ 42. Kxe2 Bg4+ 43. Ke3 f5 44. Kf4 1-0

[Event "SCO-ch 120th"]
[Site "Helensburgh"]
[Date "2013.07.14"]
[Round "9"]
[White "Oswald, David C"]
[Black "Robertson, Ian C"]
[Result "1/2-1/2"]
[WhiteElo "2055"]
[BlackElo "2168"]
[PlyCount "55"]
[EventDate "2013.07.06"]
[EventType "swiss"]
[EventRounds "9"]
[EventCountry "SCO"]
[SourceTitle "EXT 2014"]
[Source "ChessBase"]
[SourceDate "2013.11.20"]
[SourceVersion "1"]
[SourceVersionDate "2013.11.20"]
[SourceQuality "1"]

1. e4 e6 2. d4 d5 3. Nc3 h6 4. Bd3 Nf6 5. e5 Nfd7 6. Nce2 c5 7. c3 Nc6 8. f4 cxd4 9. cxd4 Bb4+ 10. Bd2 g5 11. a3 Bxd2+ 12. Qxd2 Qb6 13. fxg5 hxg5 14. Nf3 g4 15. Ng5 Ndxe5 16. dxe5 Nxe5 17. 0-0-0 f6 18. Kb1 fxg5 19. Qxg5 Nxd3 20. Qg6+ Ke7 21. Qg7+ Kd6 22. Rxd3 Bd7 23. Qxg4 Rag8 24. Qf4+ Ke7 25. Rf1 Qd6 26. Qf6+ Ke8 27. h3 Qf8 28. g4 1/2-1/2

[Event "SCO-ch 120th"]
[Site "Helensburgh"]
[Date "2013.07.12"]
[Round "7"]
[White "Robertson, Ian C"]
[Black "Olson, Hamish"]
[Result "1-0"]
[WhiteElo "2168"]
[BlackElo "2021"]
[PlyCount "95"]
[EventDate "2013.07.06"]
[EventType "swiss"]
[EventRounds "9"]
[EventCountry "SCO"]
[SourceTitle "EXT 2014"]
[Source "ChessBase"]
[SourceDate "2013.11.20"]
[SourceVersion "1"]
[SourceVersionDate "2013.11.20"]
[SourceQuality "1"]

1. e4 d6 2. d4 Nf6 3. Nc3 e5 4. dxe5 dxe5 5. Qxd8+ Kxd8 6. Bc4 Be6 7. Bxe6 fxe6 8. Nge2 Bd6 9. f3 Nbd7 10. Be3 a6 11. 0-0-0 Ke7 12. Kb1 Raf8 13. Nc1 Rhg8 14. Nd3 b5 15. Rd2 Ra8 16. a4 Rgb8 17. b3 c5 18. axb5 axb5 19. Na2 Ra3 20. Ndc1 Rba8 21. Rhd1 R8a6 22. Kb2 Bc7 23. Rd3 h6 24. Nc3 R3a5 25. N3a2 c4 26. Rc3 Bd6 27. bxc4 b4 28. Rb3 Bc5 29. Nxb4 Rb6 30. Bd2 Ra4 31. Ncd3 Rd6 32. Ra1 Bd4+ 33. c3 Rxa1 34. Kxa1 Bg1 35. Ra3 Nc5 36. Nxc5 Rxd2 37. Ra7+ Kd6 38. Ra6+ Ke7 39. Rxe6+ Kf7 40. Rc6 Rxg2 41. Rc7+ Ke8 42. Ne6 g5 43. Nc6 Ng8 44. Rg7 Rxh2 45. Nxe5 Rc2 46. Rxg8+ Ke7 47. Nf4 Rxc3 48. Nd5+ 1-0